Sanat - " Tiku ja Taku" - Statistics

Yleistilastot
  • Tätä visaa on pelattu 25 kertaa
  • Keskiarvotulos 104 / 180
Vastaustilastot
Vastaus % Oikein
haku
100%
huvinamme
100%
ja
100%
Ja
100%
100%
100%
olen
100%
on
100%
pikku
100%
Taku
100%
terhojen
100%
Tiku
100%
työnämme
100%
vain
100%
me
94%
asustaa
89%
hauska
83%
metsässä
83%
laa
78%
lallati
78%
tammen
78%
tammenterhon
78%
yhden
78%
ikioman
72%
jäsenmaksuks
72%
kerhon
72%
lala
72%
perustimme
72%
ei
67%
kahteen
67%
kuin
67%
määräsimme
67%
pekkaan
67%
jo
61%
Jos
61%
sen
61%
hampaat
56%
jäätä
56%
katse
56%
koti
56%
niin
56%
terävät
56%
voi
56%
kun
50%
Kun
50%
meitä
50%
näätä
50%
saa
50%
päätä
44%
tavoittaa
44%
täyttä
44%
tulee
44%
vastaan
44%
meillä
39%
pakoon
39%
joskus
33%
jossa
33%
luona
33%
oma
33%
pääse
33%
vahingossa
33%
antaa
28%
lunta
28%
onkalossa
28%
onnen
28%
pieni
28%
talvi
28%
tammi
28%
unta
28%
vaara
28%
väijymään
28%
valtakunta
28%
vetää
28%
menee
22%
pieniä
22%
suojella
22%
talven
22%
väsyy
22%
ahkerasta
17%
ettei
17%
huuhkajakaan
17%
kesän
17%
maku
17%
muona
17%
näädältä
17%
ovi
17%
piilostansa
17%
sovi
17%
tuvassa
17%
työstä
17%
vaihtuu
17%
vieraisille
17%
voiton
17%
ajossansa
11%
ikkunakaan
11%
kielii
11%
leikkiin
11%
meiltä
11%
oravankin
11%
puutu
11%
riemukasta
11%
viihtyisää
11%
hyllyt
6%
notkua
6%
terhoista
6%
Ehtoja vastaavia visoja ei löytynyt
Tulosjakauma
Jokaisen tuloksen saaneiden osuus
Persentiili vastausten määrän mukaan
Tuloshistoriasi
Et ole pelannut tätä visaa